Methody tvarového broušení podle nositele Řádu republiky Františka Hamra

Salvato in:
Dettagli Bibliografici
Natura: Libro
Lingua:ceco
Pubblicazione: Praha : Technicko-vědecké vydavatelství, 1952
Soggetti:
Tags: Aggiungi Tag
Nessun Tag, puoi essere il primo ad aggiungerne!!

MARC

LEADER 00000nam a22000003a 4500
001 stu39280
005 20150408180741.8
008 930118s1952----cs------------------cze-d
040 |a STU  |b slo 
041 0 |a cze 
044 |a cs 
080 |a 621.923  |7 stu_us_auth*stu2579 
245 |a Methody tvarového broušení podle nositele Řádu republiky Františka Hamra 
260 |a Praha :  |b Technicko-vědecké vydavatelství,  |c 1952 
300 |a 13 s 
650 7 |a Brúsenie tvarové  |2 stusub 
996 |b MB 89  |c M*B-89  |l MMKN  |s A  |a 24  |w stu39280_0001